El Centenario de Balmes : boletín mensual boletín mensual

Publicado: Vich : Comité del Centenario de Balmes , 1910
Descripción Física: 5 exemplars : il·lustracions, periodicitat mensual ; 24 cm
Idioma: Español

MARC

LEADER 00000nas a2200000 a 4500
003 Arxiu
005 20260324180140.0
008 160829d19101949spcmr p x spa c
040 |a AGDB 
080 |a Revistes 
245 0 3 |a El Centenario de Balmes :  |b boletín mensual 
260 |a Vich :  |b Comité del Centenario de Balmes  |c 1910-1949 
300 |a 5 exemplars :  |b il·lustracions, periodicitat mensual ;  |c 24 cm 
310 |a Mensual 
362 |a No. 1 (enero 1910)- no. 9 (sept. 1910) ; no. 1 (enero 1948)-no. 18 (jun. 1949) 
590 |a Mensual.  
590 |a Descripció basada en: Núm. 2 (feb. 1948).  
590 |a El núm. 2 de l'any 1948 conté informació sobre el Congreso Internacional de Apologética.  
590 |a Prové de S-442, exp. 2.  
590 |a Inclou el suplement 'Tómbola del Centenario, suplemento del boletín mensual El centenario de Balmes', núm. 1, 2, 3 i 4 (duplicats el 2, 3 i 4) 
600 1 0 |2 Arxiu  |9 35539  |a Balmes, Jaume,  |d 1810-1848 
600 1 0 |a Balmes, Jaume,  |d 1810-1848  |v Revistes  |x Crítica i interpretació  
710 2 |9 56360  |a Comité del Centenario de Balmes (Vic, Catalunya)   |e entitat productora 
866 |a 1948 (2, 3, 5, 6, 7) 
901 |a Arxiu 
942 |n 1  |2 udc  |c REV 
952 |0 0  |1 0  |4 0  |6 REV2126  |7 1  |9 54139  |a Arxiu  |b Arxiu  |d 2023-05-10  |h Núm. 2 (febrer 1948)-Núm. 7 (juliol 1948)  |o Rev-2126  |p 27850  |r 2016-12-01 00:00:00  |w 2016-12-01  |y ARXIU  |z Conté suplements Tómbola del Centenario (1-4) 
999 |c 58008  |d 58008